Te Deum, H. 147 ; Mass, H. 1 ; Cantium Zachariae H. 345

Hlavní autor: Charpentier, Marc Antoine, 1643-1704
Korporativní autor: Concert spirituel (hudební skupina)
Další autoři: Niquet, Hervé, 1957-
Jazyk: Čeština
Vydáno: [S.l.] : WillMark Publishing Ltd., c2000
Edice: Mistři klasické hudby
Témata:
Fyzický popis: 1 CD ; DDD + 1 slož. list.
Zvukové nahrávky
Uloženo v:
LEADER 01462njm a2200397 a 4500
001 000553606
003 CZ BrMZK
005 20060328073735.0
008 010907s2000 xr f cze d
028 0 3 |a Willm 036  |b WillMark Publishing Ltd. 
040 |a BOA001  |b cze 
080 |a 783.29"16"(086.7)  |2 MRF 
080 |a 783"16"(086.7)  |2 MRF 
080 |a 783.21"16"(086.7)  |2 MRF 
100 1 |a Charpentier, Marc Antoine,  |d 1643-1704  |7 jn20000603100 
245 1 0 |a Te Deum, H. 147 ;  |b Mass, H. 1 ; Cantium Zachariae H. 345  |h [zvukový záznam] /  |c Marc-Antoine Charpentier. 
260 |a [S.l.] :  |b WillMark Publishing Ltd.,  |c c2000 
300 |a 1 CD ;  |c DDD +  |e 1 slož. list. 
306 |a 005706 
490 1 |a Mistři klasické hudby ;  |v 36 
500 |a Vyd. jako příl. čas. Mistři klasické hudby č. 36/2000 
500 |a Nahr. 1996 
500 |a Durata 57:06 
511 0 |a Le concert spirituel, dir. Hervé Niquet. 
653 0 |a Te Deum  |a duchovní hudba  |a mše 
700 1 |a Niquet, Hervé,  |d 1957-  |7 xx0042376 
710 2 |a Concert spirituel (hudební skupina)  |7 kn20031202014 
740 0 2 |a Mass, H. 1 
740 0 2 |a Cantium Zachariae H. 345 
830 0 |a Mistři klasické hudby 
910 |a BOA001  |b CD-0009.423 
964 |a Mše  |z stol.17.  |x CD 
964 |a Te Deum  |z stol.17.  |x CD 
964 |a Hudba duchovní  |z stol.17.  |x CD 
990 |a AV 
996 6 |b 261H010146  |c CD-0009.423  |l MZK  |r Sklad / do 24 hodin  |n 0  |p p.v.  |w 000553606  |u 000010  |a 1  |e BOA001  |j MZK50  |s P